| 000 | 00507nam a2200181Ii 4500 | ||
|---|---|---|---|
| 003 | JO-AjNU | ||
| 008 | 230606s9999||||xx |||||||||||||| ||und|| | ||
| 040 |
_aJO-AjNU _beng _erda _cJO-AjNU |
||
| 041 | _aeng | ||
| 050 | 1 | 4 | _aPR6037.P29 P7 1979 |
| 100 | 3 |
_a Spark, Muriel , _eauthor _95480 |
|
| 245 | 0 | 0 | _a The prime of Miss Jean Brodie |
| 264 | 3 | 1 | _aNew York : Dell, 1979 |
| 300 | _a156p | ||
| 336 |
_atext _btxt _2rdacontent |
||
| 337 |
_aunmediated _bn _2rdamedia |
||
| 338 |
_avolume _bnc _2rdacarrier |
||
| 999 |
_aE2832 _c2830 _d2830 |
||